| 000 -CABECERA |
| campo de control de longitud fija |
01428cam a22004334a 4500 |
| 001 - NÚMERO DE CONTROL |
| campo de control |
YPZ88379 |
| 003 - IDENTIFICADOR DEL NÚMERO DE CONTROL |
| campo de control |
AR-RgUNPA |
| 005 - FECHA Y HORA DE LA ÚLTIMA TRANSACCIÓN |
| campo de control |
20260302101124.0 |
| 008 - DATOS DE LONGITUD FIJA--INFORMACIÓN GENERAL |
| campo de control de longitud fija |
080424s2009 ag a grb||| 001 0 spa|d |
| 020 ## - NÚMERO INTERNACIONAL ESTÁNDAR DEL LIBRO |
| Número Internacional Estándar del Libro |
9789875382404 |
| 040 ## - FUENTE DE LA CATALOGACIÓN |
| Centro/agencia transcriptor |
SIUNPA |
| Lengua de catalogación |
spa |
| Normas de descripción |
AACR2 |
| 041 ## - CÓDIGO DE LENGUA |
| Código de lengua del texto/banda sonora o título independiente |
spa |
| 044 ## - CÓDIGO DEL PAÍS DE LA ENTIDAD EDITORA/PRODUCTORA |
| Código MARC del país |
ag |
| 080 ## - NÚMERO DE LA CLASIFICACIÓN DECIMAL UNIVERSAL |
| Número de la Clasificación Decimal Universal |
159.922.8 C641c |
| 245 ## - MENCIÓN DE TÍTULO |
| Título |
Clínica psicopedagógica y alteridad |
| Resto del título |
: encuentros en el tratamiento de ninños y adolesncentes |
| Mención de responsabilidad, etc. |
/ (coords.) Gerardo Prol ... [et al.] ; Luisa Wettengel ... [et al.] |
| 250 ## - MENCIÓN DE EDICIÓN |
| Mención de edición |
1a. ed. |
| 260 ## - PUBLICACIÓN, DISTRIBUCIÓN, ETC. |
| Lugar de publicación, distribución, etc. |
Buenos Aires |
| Nombre del editor, distribuidor, etc. |
: Novedades Educativas |
| Fecha de publicación, distribución, etc. |
, 2009 |
| 300 ## - DESCRIPCIÓN FÍSICA |
| Extensión |
222 p. : |
| Otras características físicas |
il. |
| 490 ## - MENCIÓN DE SERIE |
| Mención de serie |
(Colección conjunciones) |
| 650 ## - PUNTO DE ACCESO ADICIONAL DE MATERIA--TÉRMINO DE MATERIA |
| Término de materia o nombre geográfico como elemento de entrada |
PSICOLOGIA DEL ADOLESCENTE |
| 650 ## - PUNTO DE ACCESO ADICIONAL DE MATERIA--TÉRMINO DE MATERIA |
| Término de materia o nombre geográfico como elemento de entrada |
ADOLESCENCIA |
| 650 ## - PUNTO DE ACCESO ADICIONAL DE MATERIA--TÉRMINO DE MATERIA |
| Término de materia o nombre geográfico como elemento de entrada |
PSICOTERAPIA |
| 700 ## - PUNTO DE ACCESO ADICIONAL--NOMBRE DE PERSONA |
| Nombre de persona |
Wettengel, Luisa |
| Código de función/relación |
, autora |
| 700 ## - PUNTO DE ACCESO ADICIONAL--NOMBRE DE PERSONA |
| Nombre de persona |
Prol, Gerardo |
| Código de función/relación |
, autor |
| 700 ## - PUNTO DE ACCESO ADICIONAL--NOMBRE DE PERSONA |
| Nombre de persona |
Rego, María Victoria |
| Código de función/relación |
, autora |
| 700 ## - PUNTO DE ACCESO ADICIONAL--NOMBRE DE PERSONA |
| Nombre de persona |
Bo, Teresita |
| Código de función/relación |
, autora |
| 700 ## - PUNTO DE ACCESO ADICIONAL--NOMBRE DE PERSONA |
| Nombre de persona |
Hamuy, Erica |
| Código de función/relación |
,autora |
| 700 ## - PUNTO DE ACCESO ADICIONAL--NOMBRE DE PERSONA |
| Nombre de persona |
Meza, Alejandrina |
| Código de función/relación |
, autora |
| 700 ## - PUNTO DE ACCESO ADICIONAL--NOMBRE DE PERSONA |
| Nombre de persona |
Contrafatti, Liliana |
| Código de función/relación |
, autora |
| 700 ## - PUNTO DE ACCESO ADICIONAL--NOMBRE DE PERSONA |
| Nombre de persona |
Campo, María Erhart del |
| Código de función/relación |
autora |
| 700 ## - PUNTO DE ACCESO ADICIONAL--NOMBRE DE PERSONA |
| Nombre de persona |
Kornblit, Cecilia |
| Código de función/relación |
, autora |
| 700 ## - PUNTO DE ACCESO ADICIONAL--NOMBRE DE PERSONA |
| Nombre de persona |
Lucero, Andrea |
| Código de función/relación |
, autora |
| 700 ## - PUNTO DE ACCESO ADICIONAL--NOMBRE DE PERSONA |
| Nombre de persona |
Suaréz, Claudia |
| Código de función/relación |
, autora |
| 700 ## - PUNTO DE ACCESO ADICIONAL--NOMBRE DE PERSONA |
| Nombre de persona |
Arana, Rosario |
| Código de función/relación |
, autora |
| 700 ## - PUNTO DE ACCESO ADICIONAL--NOMBRE DE PERSONA |
| Nombre de persona |
Grinberg, Sabina |
| Código de función/relación |
, autora |
| 700 ## - PUNTO DE ACCESO ADICIONAL--NOMBRE DE PERSONA |
| Nombre de persona |
Prol, Gerardo |
| Código de función/relación |
, coord. |
| 700 ## - PUNTO DE ACCESO ADICIONAL--NOMBRE DE PERSONA |
| Nombre de persona |
Wettengel, Luisa |
| Código de función/relación |
, coord. |
| 942 ## - ELEMENTOS DE PUNTO DE ACCESO ADICIONAL (KOHA) |
| Tipo de ítem Koha |
Libros |
| Fuente del sistema de clasificación o colocación |
|